| 000 | 00617nam a2200241Ia 4500 | ||
|---|---|---|---|
| 008 | 160216s9999 xx 000 0 und d | ||
| 020 | _a971-08-7085-8 | ||
| 050 | _aFIL BD 31 | ||
| 050 | _b.Z85 2010 c.1 | ||
| 100 | _aZulueta, Francisco M. | ||
| 245 | _aIntroduction to philosophy / | ||
| 245 | _cFrancisco M. Zulueta. | ||
| 260 | _aMandaluyong: | ||
| 260 | _bNational Book Store, | ||
| 260 | _c2010 | ||
| 300 | _a242 pages : | ||
| 300 | _bill. ; | ||
| 300 | _c22 cm. | ||
| 500 | _aIncludes bibliographical references. | ||
| 650 | _aPhilosophy -- | ||
| 650 | _aPhilosophy. | ||
| 650 | _xTextbooks. | ||
| 999 |
_c291001 _d291001 |
||